MESTSKÁ KNIŽNICA GIRALTOVCE  - online katalóg 

Dole v údolí (Record no. 24186)

000 -NÁVESTIE
fixed length control field 01241cam a2200361 4500
001 - EVIDENČNÉ ČÍSLO ZÁZNAMU - Kontrolné číslo
control field vtls012265588
005 - DÁTUM A ČAS POSLEDNEJ TRANSAKCIE
control field 20260506102257.0
008 - ÚDAJE S PEVNOU DĹŽKOU – VŠEOBECNÉ INFORMÁCIE
fixed length control field 241017s2024 xo g 010 f slo
020 ## - MEDZINÁRODNÉ ŠTANDARDNÉ ČÍSLO KNIHY (ISBN)
Medzinárodné štandardné číslo knihy (ISBN) 9788055195087
Qualifying information (viazané)
040 ## - ZDROJ KATALOGIZÁCIE
Pôvodná katalogizujúca agentúra SNK
Jazyk katalogizácie slo
Prepisujúca agentúra SNK
Konvencie popisu rda
041 1# - KÓD JAZYKA
Kód jazyka textu/zvukovej stopy alebo samostatných nápisov slo
Kód jazyka originálu a/alebo sprostredkujúcich prekladov textu ita
044 ## - KÓD KRAJINY VYDAVATEĽA/PRODUCENTA
Kód krajiny MARC xo
Kód krajiny ISO SK
072 #7 - KÓD PREDMETOVEJ KATEGÓRIE
Kód predmetovej kategórie 821.131.1-3
Pododdiel kódu predmetovej kategórie Talianska próza
Zdroj konspekt
080 ## - ČÍSLO MEDZINÁRODNÉHO DESATINNÉHO TRIEDENIA (MDT)
Číslo Medzinárodného desatinného triedenia (MDT) 821.131.1-32
Identifikátor vydania 2011
100 1# - OSOBNÉ MENÁ – VŠEOBECNÉ INFORMÁCIE
Osobné meno Cognetti, Paolo,
Dátumy súvisiace s menom 1978-
Kód roly aut
-- 5519
240 10 - UNIFIKOVANÝ NÁZOV
Unifikovaný názov Giù nella valle
Jazyk diela Slovensky
245 10 - NÁZOV
Názov Dole v údolí
Údaj o zodpovednosti atď. Paolo Cognetti ; preložila Alexandra Lenzi Kučmová
264 #1 - VYDAVATEĽSKÉ ÚDAJE, DISTRIBÚCIA ATĎ. - RDA
Miesto publikovania, distribúcie atď. Bratislava
Názov vydavateľa, distibútora atď. Ikar, a.s. - Odeon
Dátum publikovania, distribúcie atď. 2024
300 ## - FYZICKÝ POPIS
Rozsah 145 strán
Rozmery 21 cm
336 ## - TYP OBSAHU
Typ obsahu - termín text
Typ obsahu - kód txt
Zdroj rdacontent
337 ## - TYP MÉDIA
Typ média - termín bez média
Typ média - kód n
Zdroj rdamedia
338 ## - TYP NOSIČA
Typ nosiča - termín zväzok
Typ nosiča - kód nc
Zdroj rdacarrier
500 ## - VŠEOBECNÁ POZNÁMKA
Formátovaná poznámka o obsahu Preložené z taliančiny
500 ## - VŠEOBECNÁ POZNÁMKA
Formátovaná poznámka o obsahu Obsahuje stručné biografické údaje o autorovi na predsádke publikácie
500 ## - VŠEOBECNÁ POZNÁMKA
Formátovaná poznámka o obsahu Obsahuje edičnú poznámku
655 #7 - INDEXAČNÝ TERMÍN – ŽÁNER/FORMA
Údaje o žánri/forme alebo termín, ktorý je prvok fazety talianske novely
Zdroj termínu SNKPH
-- 5520
655 #7 - INDEXAČNÝ TERMÍN – ŽÁNER/FORMA
Údaje o žánri/forme alebo termín, ktorý je prvok fazety Italian novellas
Zdroj termínu SNKPHeng
-- 5521
700 1# - PRIDANÝ VSTUP – OSOBNÉ MENO
Osobné meno Lenzi Kučmová, Alexandra,
Dátumy súvisiace s menom 1979-
Kód roly trl
-- 5522
700 1# - PRIDANÝ VSTUP – OSOBNÉ MENO
Osobné meno Janíčková, Nikola,
Dátumy súvisiace s menom 1990-
Kód roly bjd
-- 5523
958 ## - Formálny deskriptor
Formálny deskriptor LX
958 ## - Formálny deskriptor
Formálny deskriptor UP
Holdings
Stav stiahnutia (Blokovanie) (Withrawn status) Stav straty Zdroj klasifikácie pre skladovanie Stav poškodenia (Damaged status) Nie pre výpožičky (Not for loan) Spôsob nadobudnutia (Collection code) Trvalé umiestnenie Aktuálne umiestnenie Dátum nadobudnutia Náklady, bežná kúpna cena Inventárne číslo (prírastkové číslo) Full call number Čiarový kód Dátum posledného výskytu Cena s účinnosťou od Typ jednotky Koha
          Kúpa Mestská knižnica Giraltovce Mestská knižnica Giraltovce 2026-05-06 4.95 22553 B11069 B11069 2026-05-06 2026-05-06 Krásna literatúra pre dospelých

Powered by Koha